Thinking in the ruins (Record no. 32353)

MARC details
000 -LEADER
campo de control de longitud fija 01095nam a2200313 i 4500
001 - NÚMERO DE CONTROL
campo de control 32353
003 - IDENTIFICADOR DE NÚMERO DE CONTROL
campo de control ES-MaACL
005 - FECHA Y HORA DE LA ÚLTIMA TRANSACCIÓN
campo de control 20240201133417.0
007 - CAMPO FIJO DE DESCRIPCIÓN FÍSICA--INFORMACIÓN GENERAL
campo de control de longitud fija t|
008 - DATOS DE LONGITUD FIJA--INFORMACIÓN GENERAL
campo de control de longitud fija 141007s2000 xxu ||||1| eng d
020 ## - NÚMERO INTERNACIONAL ESTÁNDAR DEL LIBRO
Número Internacional Estándar del Libro 0-8265.1341-7
080 ## - NÚMERO DE LA CLASIFICACIÓN DECIMAL UNIVERSAL
Número de la Clasificación Decimal Universal 1 Wittgenstein, Ludwig
080 ## - NÚMERO DE LA CLASIFICACIÓN DECIMAL UNIVERSAL
Número de la Clasificación Decimal Universal 1 Santayana, George
100 1# - ENTRADA PRINCIPAL--NOMBRE DE PERSONA
Nombre de persona Hodges, Michael.
9 (RLIN) 155670
245 10 - MENCIÓN DEL TÍTULO
Título Thinking in the ruins
Resto del título : Wittgenstein and Santayana on contingency /
Mención de responsabilidad, etc. Michael Hodges and John Lachs.
250 ## - MENCION DE EDICION
Mención de edición 1st. ed.
260 ## - PUBLICACIÓN, DISTRIBUCIÓN, ETC.
Lugar de publicación, distribución, etc. Nashville :
Nombre del editor, distribuidor, etc. Vanderbilt University Press,
Fecha de publicación, distribución, etc. 2000.
300 ## - DESCRIPCIÓN FÍSICA
Extensión 128 p. ;
Dimensiones 23 cm.
490 1# - MENCIÓN DE SERIE
Mención de serie The Vanderbilt library of American Philosophy
504 ## - NOTA DE BIBLIOGRAFÍA, ETC.
Nota de bibliografía, etc. Bibliografía. Indices.
600 04 - PUNTO DE ACCESO ADICIONAL DE MATERIA--NOMBRE DE PERSONA
Nombre de persona Wittgenstein, Ludwig.
9 (RLIN) 117183
600 04 - PUNTO DE ACCESO ADICIONAL DE MATERIA--NOMBRE DE PERSONA
Nombre de persona Santayana, George.
9 (RLIN) 103357
700 1# - ENTRADA AGREGADA--NOMBRE PERSONAL
Nombre de persona Lachs, John.
9 (RLIN) 155671
830 0# - PUNTO DE ACCESO ADICIONAL DE SERIE-TÍTULO UNIFORME
Título uniforme The Vanderbilt library of American Philosophy
9 (RLIN) 229412
852 ## - LOCALIZACIÓN
Ubicación ES-MaACL
Número de control de estantería A-13264
itemnumber 33554
Sublocalización o colección R.150072
Ubicación en estantería Depósito 1
Signatura antigua Olim: N-6264
Donativo/Legado Dónate: Carlos Paris
903 ## - NOMBRE PERSONAL DE DONANTE
a París, Carlos,
d 1925-2014
q 1
e Donante
9 89133
942 ## - ELEMENTOS DE ENTRADA SECUNDARIOS (KOHA)
Fuente del sistema de clasificación o colocación Clasificación decimal universal
Holdings
Estatus retirado Estado de pérdida Fuente del sistema de clasificación o colocación Estado de daño No para préstamo Biblioteca de origen Biblioteca actual Ubicación en estantería Fecha de adquisición Fuente de adquisición Número de control de estantería Total de préstamos Signatura topográfica completa Código de barras Visto por última vez Precio de reemplazo Tipo de ítem Koha Colección
    Clasificación decimal universal     Biblioteca del Ateneo de Madrid Biblioteca del Ateneo de Madrid Depósito 1 07/10/2014 Donación 1   A-13264 1193167 23/02/2023 23/02/2023 Libro impreso  
          Biblioteca del Ateneo de Madrid Biblioteca del Ateneo de Madrid Depósito folletos 17/01/2008       T-164-F-1 1033512 23/02/2023 23/02/2023 Folleto Colección de folletos